Introduction to fluid mechanics /

Bibliographic Details
Main Author: Fox, Robert W., 1934-2014
Other Authors: McDonald, Alan T.
Format: Book
Language:English
Published: New York : J. Wiley, ©1992.
Edition:4th ed.
Subjects:
Online Access:Table of contents

MARC

Tag First Indicator Second Indicator Subfields
LEADER 00000cam a2200000 a 4500
001 in00004807204
008 910807s1992 nyua b 001 0 eng
005 20250221164621.3
010 |a  91029150  
015 |a GB9403876  |2 bnb 
016 7 |a 008069288  |2 Uk 
016 7 |a 008472030  |2 Uk 
016 7 |a 047-15485  |2 Uk 
019 |a 1191352067 
020 |a 0471548529 
020 |a 9780471548522 
029 1 |a AU@  |b 000008415090 
029 1 |a GBVCP  |b 027175944 
029 1 |a HEBIS  |b 05288726X 
029 1 |a NZ1  |b 3860992 
029 1 |a UKMGB  |b 008069288 
029 1 |a UKMGB  |b 008472030 
029 1 |a YDXCP  |b 419476 
029 1 |a ZWZ  |b 022199683 
035 |a (OCoLC)ocm24320608  
035 |a (OCoLC)24320608  |z (OCoLC)1191352067 
035 |a (OCoLC)ocm24320608  
040 |a DLC  |b eng  |c DLC  |d UKM  |d BTCTA  |d LVB  |d YDXCP  |d BAKER  |d OCLCG  |d ZWZ  |d HEBIS  |d GBVCP  |d OCLCO  |d OCLCF  |d OCLCQ  |d OCLCA  |d I8M  |d OCLCO  |d OCLCQ  |d UKMGB  |d UWO  |d OCLCQ  |d OCLCO  |d OCLCL  |d IG# 
050 0 0 |a TA357  |b .F69 1992 
082 0 0 |a 620.1/06  |2 20 
084 |a 50.33  |2 bcl 
088 |a 91029150 
100 1 |a Fox, Robert W.,  |d 1934-2014.  |1 https://id.oclc.org/worldcat/entity/E39PCjGTY49HCYhH6DytVY4C73 
245 1 0 |a Introduction to fluid mechanics /  |c Robert W. Fox, Alan T. McDonald. 
250 |a 4th ed. 
260 |a New York :  |b J. Wiley,  |c ©1992. 
300 |a xiv, 829 pages :  |b illustrations (some color) ;  |c 26 cm 
336 |a text  |b txt  |2 rdacontent 
337 |a unmediated  |b n  |2 rdamedia 
338 |a volume  |b nc  |2 rdacarrier 
504 |a Includes bibliographical reference and index. 
540 |a Current Copyright Fee: GBP32.00  |c 0.  |5 Uk 
650 0 |a Fluid mechanics. 
650 6 |a Mécanique des fluides. 
650 7 |a Fluid mechanics.  |2 fast  |0 (OCoLC)fst00927999 
650 7 |a Strömungsmechanik  |2 gnd 
650 7 |a Fluides, Mécanique des.  |2 ram 
653 0 |a Fluids  |a Mechanics 
700 1 |a McDonald, Alan T. 
758 |i has work:  |a Introduction to fluid mechanics (Text)  |1 https://id.oclc.org/worldcat/entity/E39PCGHc3Qkm3dx436PpKBY4WP  |4 https://id.oclc.org/worldcat/ontology/hasWork 
776 0 8 |i Online version:  |a Fox, Robert W., 1934-2014.  |t Introduction to fluid mechanics.  |b 4th ed.  |d New York : J. Wiley, ©1992  |w (OCoLC)1232144434 
856 4 1 |3 Table of contents  |u http://www.gbv.de/dms/bowker/toc/9780471548522.pdf  |t 0 
938 |a Ingram Library Services  |b INGR  |n in000071534 
938 |a Baker & Taylor  |b BKTY  |c 88.05  |d 88.05  |i 0471548529  |n 0002014188  |s active 
938 |a Baker and Taylor  |b BTCP  |n 91029150 
938 |a YBP Library Services  |b YANK  |n 419476 
948 |h NO HOLDINGS IN TXA - 200 OTHER HOLDINGS 
994 |a Z0  |b TXA 
999 f f |i c85229bd-0799-425a-b229-293ab213dcbd  |s 6c19f4f5-bd29-426b-87a0-b576120c8b75  |t 0 
952 f f |p normal  |a Texas A&M University  |b Galveston Campus  |c Jack K. Williams Library  |d Galveston Stacks  |t 0  |e TA357 .F69 1992  |h Library of Congress classification  |i unmediated -- volume  |m 33620001045349 
998 f f |a TA357 .F69 1992  |t 0  |l Galveston Stacks